| Record ID | ia:handbookofconsul0000unse |
| Source | Internet Archive |
| Download MARC XML | https://archive.org/download/handbookofconsul0000unse/handbookofconsul0000unse_marc.xml |
| Download MARC binary | https://www.archive.org/download/handbookofconsul0000unse/handbookofconsul0000unse_meta.mrc |
LEADER: 01772cam a2200445 a 4500
001 27937951
003 OCoLC
005 20151005001711.0
008 930319s1993 cau b 001 0 eng
010 $a93015407
020 $a1555425488 (acid-free paper)
035 $a27937951
035 00 $iDBSRVR::LCMARC/AQX-3119/CATALOG
040 $aDLC$cDLC$dOCoLC$dUtOrBLW
050 00 $aBF637.C56$bH26 1993
082 00 $a158/.3/083$220
092 $a158.3$bH191
245 00 $aHandbook of consultation services for children :$bapplications in educational and clinical settings /$cJoseph E. Zins, Thomas R. Kratochwill, Stephen N. Elliott, editors ; foreword by John R. Bergan.
250 $a1st ed.
260 $aSan Francisco :$bJossey-Bass Publishers,$cc1993.
300 $axxviii, 434 p. ;$c26 cm.
336 $atext$btxt$2rdacontent
337 $aunmediated$bn$2rdamedia
338 $avolume$bnc$2rdacarrier
490 1 $aJossey-Bass social and behavioral science series
504 $aIncludes bibliographical references and index.
650 0 $aConsultation in psychology.
650 0 $aChildren$xCounseling of.
700 1 $aZins, Joseph E.
700 1 $aKratochwill, Thomas R.
700 1 $aElliott, Stephen N.
830 0 $aJossey-Bass social and behavioral science series.
907 $a.b13996708$b11-06-18$c07-18-03
998 $axgc$b07-01-03$cm$da $e-$feng$gcau$h0$i1
957 00 $aOCLC reclamation of 2017-18
907 $a.b13996708$b11-29-14$c07-18-03
956 $aNo pre-reclamation 001 field existed
999 $yMARS
998 $axgc$b07-01-03$cm$da$e-$feng$gcau$h0$i1
945 $a158.3 H191$d - - $e07-19-2013 17:40$f0$g0$h08-17-13$i31223033789489$j131$0133$k - - $lxgcst$o-$p$0.00$q-$r-$s- $t0$u14$v1$w0$x0$y.i22425482$z08-04-03